000 00274cam a2200109ua 4500
082 _a822
_bSHA/WI
100 _aShakespeare, William.
_91841
245 _aWilliam Shakespeare : The Complete Works /
260 _aLondon :
_bCollins ,
_c1962.
300 _a1376 ; .
942 _cBK
999 _c6049
_d6049